000 01125nam0a22003011 4500
001 v19\rc\1697642
005 20250619025719.0
035 _a(NLR Aleph) 004800205
090 _a4821015
_c4821015
100 _a20061002e18981898|||y0rusy50 ca
101 0 _arus
102 _aRU
105 _ay z |||||
200 1 _aК физиологии, диэтетике и патологии желудочных желез
_f[Соч.] А.Н. Волковича
210 _aСанкт-Петербург
_cтип. М. Стасюлевича
_dценз. 1898
215 _a34 с.
_d22
309 _aБез тит. л. и обл.
311 _aОтт. из "Больн. газ. Боткина" за 1898 г.
488 0 _12001#$aБольничная газета Боткина$v1898
_tБольничная газета Боткина
700 1 _aВолкович
_bА.Н.
_f1870-
_gАндрей Николаевич
801 0 _aRU
_bNLR
_gpsbo
801 0 _aRU
_bRuMoRGB
_2psbo
801 1 _aRU
_bProSoft-M
_2rusmarc
852 _aNLR
_j18.166.3.537
899 _aRuMoRGB
_jS 76/576
899 _aБАН
942 _cBOOK
980 _aNB